| 000 | 00787nam a2200229 i 4500 | ||
|---|---|---|---|
| 001 | 000049116 | ||
| 003 | DO-SdBNP | ||
| 005 | 20231113080427.0 | ||
| 007 | ta | ||
| 008 | 190719s1977 dr 000 0 spa d | ||
| 040 |
_aDO-SdBNP _bspa _cBNPHU _erda |
||
| 082 | _222 | ||
| 245 | 0 | 0 |
_aDirectorio de la Iglesia en la República Dominicana, 1977 : _crecopilación y composición de datos por el Instituto Nacional de Pastoral / |
| 264 | 1 |
_aSanto Domingo : _bInstituto Nacional de Pastoral, _c1977. |
|
| 300 |
_a243 páginas _c29 cm. |
||
| 336 |
_2rdacontent _atexto _btxt |
||
| 337 |
_2rdamedia _asin mediación _bn |
||
| 338 |
_2rdacarrier _avolumen _bnc |
||
| 590 | _aInventariado, 2019/VM | ||
| 710 | 2 |
_aInstituto Nacional de Pastoral, (República Dominicana) _976482 |
|
| 942 |
_2ddc _cLBS1 |
||
| 999 |
_c48604 _d48604 |
||